zpět

Detail výsledku týmu

Bowling bar, Bechyně

Datum a čas kvízu

39.5 Celkem bodů Celkový počet nahraných bodů na tomto kvízu bez doplňovacích otázek.
2. Pořadí na kvízu Konečné umístění týmu na tomto kvízu.

Zaznamenané odpovědi

# Otázka Odpověď Body Výsledky
1. Možný budoucí premiér Andrej B... 1B 2C 3D 4A 0
2. Již poněkolikáté vyhrál volby... po Adolfu Hitlerovi 1
3. Streamovací platforma Netflix... Stranger Things 1
4. Minulý týden jsme se dozvěděli... Five Guys 1
5. V sobotu začala nová biatlonov... v Östersundu 1
6. Seřaďte tyto ostrovy dle rozlo... 1C 2A 3D 4B 0
7. Nyní přiřaďte ostrovy ke států... 1C 2B 3A 4D 1
8. Kterému ostrovnímu středomořsk... Kypr 1
9. Nyní si odskočíme ke kinematog... Řek Zorba, Anthony Quinn 1
10. Ke kterému středomořskému ostr... Elba 1